00441 2200169 4500001002100000005001500021035001900036245005300055100001800108300003600126260004600162082000700208084001300215022001200228863001700240990001400257INLIS00000000000159720250306100405$a 0010-0325000026$a Hewan dengan kemampuan spesial /$c Bhakti Karyono$a Bhakti Karyono$a 90 hlm : $b ilus ; $c 15 x 23 cm$a Jakarta :$b PT Kuark Internasional,$c 2025$a 050$a 050 BHA h$a 16939964$a Februari 2025$a MK006/2025